Propuesta de ajuste a la política del régimen subsidiado de salud en colombia / (Registro nro. 6317)

Detalles MARC
000 -LEADER
fixed length control field 01249nam a2200301Ia 4500
003 - CONTROL NUMBER IDENTIFIER
control field OSt
005 - DATE AND TIME OF LATEST TRANSACTION
control field 20200820125631.0
008 - FIXED-LENGTH DATA ELEMENTS--GENERAL INFORMATION
fixed length control field 191128s2002 ck a gr 000 0 spa d
020 ## - INTERNATIONAL STANDARD BOOK NUMBER
International Standard Book Number 9586835472
040 ## - CATALOGING SOURCE
Original cataloging agency Co-JMCR
Transcribing agency Co-JMCR
041 0# - LANGUAGE CODE
Language code of text/sound track or separate title spa
082 04 - DEWEY DECIMAL CLASSIFICATION NUMBER
Classification number 368.4 /
Item number P358p
Edition number 23
100 1# - MAIN ENTRY--PERSONAL NAME
Personal name Peñalosa Quintero, Rolando Enrique,
Relator term autor
9 (RLIN) 9028
245 10 - TITLE STATEMENT
Title Propuesta de ajuste a la política del régimen subsidiado de salud en colombia /
Statement of responsibility, etc. Rolando Enrique Peñalosa Quintero, Liz Garavito Beltrán, Eduardo Lara Ramos,
250 ## - EDITION STATEMENT
Edition statement Primera edición
260 ## - PUBLICATION, DISTRIBUTION, ETC.
Place of publication, distribution, etc. Bogotá :
Name of publisher, distributor, etc. Ceja,
Date of publication, distribution, etc. 2002.
300 ## - PHYSICAL DESCRIPTION
Extent 145 páginas :
Other physical details Ilustraciones en color ;
Dimensions 24 cm.
300 ## - PHYSICAL DESCRIPTION
Other physical details
300 ## - PHYSICAL DESCRIPTION
Dimensions 24 cm
504 ## - BIBLIOGRAPHY, ETC. NOTE
Bibliography, etc. note Bibliográfia : páginas 145 - 147.
505 ## - FORMATTED CONTENTS NOTE
Formatted contents note Marco de referencia -- Entornos en el sistema de seguridad social en Colombia -- Desarrollo de los mercados -- Condiciones de los usuarios -- Bases para una nueva política -- Metodología
650 24 - SUBJECT ADDED ENTRY--TOPICAL TERM
Topical term or geographic name entry element Régimen subsidiado en salud
Geographic subdivision Colombia
9 (RLIN) 8915
650 24 - SUBJECT ADDED ENTRY--TOPICAL TERM
Topical term or geographic name entry element Política médica
Geographic subdivision Colombia
9 (RLIN) 9029
650 24 - SUBJECT ADDED ENTRY--TOPICAL TERM
Topical term or geographic name entry element Planificación en salud
Geographic subdivision Colombia
9 (RLIN) 9030
700 1# - ADDED ENTRY--PERSONAL NAME
Personal name Liz Garavito Beltrán,
Relator term autora
9 (RLIN) 9031
700 1# - ADDED ENTRY--PERSONAL NAME
Personal name Eduardo Lara Ramos,
Relator term autor
9 (RLIN) 9032
942 ## - ADDED ENTRY ELEMENTS (KOHA)
Source of classification or shelving scheme Dewey Decimal Classification
Koha item type Books
Existencias
Withdrawn status Lost status Source of classification or shelving scheme Materials specified (bound volume or other part) Damaged status Not for loan Home library Current library Shelving location Date acquired Source of acquisition Full call number Barcode Date last seen Copy number Price effective from Koha item type
    Dewey Decimal Classification Donación--01/12/2017--     Biblioteca Pública José María del Castillo y Rada Biblioteca Pública José María del Castillo y Rada General Stacks 11/28/2019 Donación 368.4 / P358p 430012413 05/16/2024 Ej.1 11/28/2019 Books